Selección y estudio de Francisco de Nárdiz / (Record no. 20187)

MARC details
000 -LEADER
campo de control de longitud fija 00702nam a2200205 i 4500
001 - NÚMERO DE CONTROL
campo de control 20187
003 - IDENTIFICADOR DE NÚMERO DE CONTROL
campo de control ES-MaACL
005 - FECHA Y HORA DE LA ÚLTIMA TRANSACCIÓN
campo de control 20230906152242.0
007 - CAMPO FIJO DE DESCRIPCIÓN FÍSICA--INFORMACIÓN GENERAL
campo de control de longitud fija t|
008 - DATOS DE LONGITUD FIJA--INFORMACIÓN GENERAL
campo de control de longitud fija 021107s1950 sp ||||1| spa d
100 1# - ENTRADA PRINCIPAL--NOMBRE DE PERSONA
Nombre de persona Aguirre, Adolfo de.
9 (RLIN) 18807
245 10 - MENCIÓN DEL TÍTULO
Título Selección y estudio de Francisco de Nárdiz /
Mención de responsabilidad, etc. Adolfo de Aguirre.
260 ## - PUBLICACIÓN, DISTRIBUCIÓN, ETC.
Lugar de publicación, distribución, etc. Santander :
Nombre del editor, distribuidor, etc. [s.n.,
Fecha de publicación, distribución, etc. 1950] (
Fabricante Imp. Libreria Moderna)
300 ## - DESCRIPCIÓN FÍSICA
Extensión LXIII, 116 p. ;
Dimensiones 18 cm.
490 1# - MENCIÓN DE SERIE
Mención de serie Antología de escritores y artistas montañeses ;
Designación de volumen o secuencia v. 9
700 1# - ENTRADA AGREGADA--NOMBRE PERSONAL
Nombre de persona Nárdiz, Francisco de.
9 (RLIN) 84940
830 0# - PUNTO DE ACCESO ADICIONAL DE SERIE-TÍTULO UNIFORME
Título uniforme Antología de escritores y artistas montañeses ;
Designación de volumen o secuencia v. 9
9 (RLIN) 182852
852 ## - LOCALIZACIÓN
Ubicación ES-MaACL
Número de control de estantería D-6057
Sublocalización o colección R.31272
Holdings
Estatus retirado Estado de pérdida Estado de daño No para préstamo Biblioteca de origen Biblioteca actual Ubicación en estantería Fecha de adquisición Fuente de adquisición Total de préstamos Signatura topográfica completa Código de barras Visto por última vez Precio de reemplazo Tipo de ítem Koha
        Biblioteca del Ateneo de Madrid Biblioteca del Ateneo de Madrid Sala Valle Inclán 17/01/2008     D-6057 901020691 23/02/2023 23/02/2023 Libro impreso